[Event "Florianopolis Winter U220 op"]
[Site "Florianopolis"]
[Date "2016.08.21"]
[Round "6"]
[White "Da Silva, Alan Guimaraes"]
[Black "Cenedese, Jose Henrique de Ol"]
[Result "1-0"]
[WhiteElo "1817"]
[BlackElo "1581"]
[PlyCount "65"]
[EventDate "2016.08.19"]
[EventType "swiss"]
[EventRounds "7"]
[EventCountry "BRA"]
[SourceTitle "CBM 174 Extra"]
[Source "ChessBase"]
[SourceDate "2016.10.10"]
[SourceVersion "1"]
[SourceVersionDate "2016.10.10"]
[SourceQuality "1"]

1. d4 Nf6 2. c4 e6 3. Nf3 c5 4. e3 cxd4 5. exd4 d5 6. b3 Bb4+ 7. Bd2 Bxd2+ 8. Nbxd2 0-0 9. Be2 dxc4 10. bxc4 b6 11. 0-0 Nc6 12. Nb3 Bb7 13. a3 Ne7 14. Qc2 Rc8 15. Rac1 Ba6 16. Rfd1 Ned5 17. Qb2 Nf4 18. Bf1 Rc7 19. Qd2 Ng6 20. Qb4 Qa8 21. Rc2 Nd5 22. Qd6 Rd8 23. Qg3 Nf6 24. Qxc7 Bb7 25. Qg3 Nh5 26. Qg5 Bxf3 27. gxf3 Qxf3 28. Qxd8+ Nf8 29. Rd3 Qg4+ 30. Rg3 Qf5 31. Rcc3 Qb1 32. Qg5 Nxg3 33. Rxg3 1-0

[Event "Florianopolis Winter U220 op"]
[Site "Florianopolis"]
[Date "2016.08.20"]
[Round "5"]
[White "Cenedese, Jose Henrique de Ol"]
[Black "Braz de Araujo Gama, Heitor"]
[Result "1-0"]
[WhiteElo "1581"]
[BlackElo "1805"]
[PlyCount "77"]
[EventDate "2016.08.19"]
[EventType "swiss"]
[EventRounds "7"]
[EventCountry "BRA"]
[SourceTitle "CBM 174 Extra"]
[Source "ChessBase"]
[SourceDate "2016.10.10"]
[SourceVersion "1"]
[SourceVersionDate "2016.10.10"]
[SourceQuality "1"]

1. e4 e5 2. Nf3 Nc6 3. Bb5 d6 4. h3 a6 5. Ba4 b5 6. Bb3 Nf6 7. Qe2 Be7 8. c3 0-0 9. 0-0 Be6 10. Bc2 d5 11. exd5 Qxd5 12. Bb3 Qd6 13. Bc2 Bd5 14. d4 Bxf3 15. Qxf3 exd4 16. Rd1 Rfe8 17. Bf4 Qd7 18. cxd4 Nxd4 19. Qd3 Nxc2 20. Qxc2 Bd6 21. Be3 Qe6 22. Nd2 Nd5 23. Nf1 Bf4 24. Rxd5 Qxd5 25. Bxf4 c5 26. Ne3 Qd4 27. Bg3 c4 28. Rd1 Qc5 29. Qc3 Rac8 30. Rd5 Qc6 31. Nf5 f6 32. Rd6 Qc5 33. Nxg7 b4 34. Qxf6 c3 35. Nxe8 Rxe8 36. bxc3 bxc3 37. Rc6 Qb4 38. Qg5+ Kf8 39. Bd6+ 1-0

[Event "Florianopolis Winter U220 op"]
[Site "Florianopolis"]
[Date "2016.08.20"]
[Round "3"]
[White "Cenedese, Jose Henrique de Ol"]
[Black "Nunes, Guilherme Sacardo T"]
[Result "1-0"]
[WhiteElo "1581"]
[BlackElo "1377"]
[PlyCount "85"]
[EventDate "2016.08.19"]
[EventType "swiss"]
[EventRounds "7"]
[EventCountry "BRA"]
[SourceTitle "CBM 174 Extra"]
[Source "ChessBase"]
[SourceDate "2016.10.10"]
[SourceVersion "1"]
[SourceVersionDate "2016.10.10"]
[SourceQuality "1"]

1. e4 e6 2. d4 d5 3. Nc3 Nf6 4. e5 Nfd7 5. Nf3 c5 6. Bb5 a6 7. Be2 Nc6 8. dxc5 Bxc5 9. Bf4 Qb6 10. 0-0 Qxb2 11. Na4 Qb4 12. Nxc5 Nxc5 13. Bd2 Qb6 14. c3 Ne4 15. Be1 Qb2 16. Bd2 Nxc3 17. Bxc3 Qxc3 18. Re1 Nb4 19. Bf1 Qc7 20. Qa4+ Nc6 21. Bd3 Bd7 22. Qg4 g6 23. h4 Qd8 24. h5 Ne7 25. Ng5 Ng8 26. hxg6 hxg6 27. Nxf7 Kxf7 28. Qxg6+ Kf8 29. Re3 Nh6 30. Rh3 Qe8 31. Qf6+ Qf7 32. Qxh8+ Ke7 33. Qxa8 Nf5 34. g4 Qg7 35. Kh2 Qxg4 36. Rh7+ Ng7 37. Rg1 Qf4+ 38. Kh1 Qf3+ 39. Rg2 Qd1+ 40. Kh2 Be8 41. Rgxg7+ Kf8 42. Rf7+ Kg8 43. Qxe8# 1-0

[Event "Curitiba op"]
[Site "Curitiba"]
[Date "2016.04.24"]
[Round "6.33"]
[White "Cenedese, Jose Henrique de Ol"]
[Black "Melo, Sergio Roberto Samp"]
[Result "0-1"]
[WhiteElo "1587"]
[BlackElo "1770"]
[PlyCount "57"]
[EventDate "2016.04.21"]
[EventType "swiss"]
[EventRounds "7"]
[EventCountry "BRA"]
[SourceTitle "EXT 2022"]
[Source "ChessBase"]
[SourceDate "2021.10.06"]
[SourceVersion "1"]
[SourceVersionDate "2021.10.06"]
[SourceQuality "1"]

1. e4 e6 2. d4 d5 3. Nc3 Bb4 4. e5 c5 5. Nf3 Qc7 6. a3 cxd4 7. Qxd4 Bxc3+ 8. bxc3 Ne7 9. Bd2 Nbc6 10. Bb5 0-0 11. Bxc6 Nxc6 12. Qf4 Bd7 13. 0-0 f6 14. Qg3 Nxe5 15. Nxe5 Qxe5 16. Bf4 Qf5 17. Bd6 Rfc8 18. Rab1 b6 19. Rb2 Rc6 20. a4 Rac8 21. Rb3 Qe4 22. h3 e5 23. Be7 Kf7 24. Ba3 Be6 25. f3 Qe3+ 26. Kh2 d4 27. c4 Qh6 28. Rbb1 Rxc4 29. h4 0-1

[Event "Curitiba Sul Regional-ch"]
[Site "Curitiba"]
[Date "2015.07.12"]
[Round "5"]
[White "Cenedese, Jose Henrique de Ol"]
[Black "Japiassu, Ricardo de Villa No"]
[Result "0-1"]
[WhiteElo "1611"]
[BlackElo "1893"]
[PlyCount "134"]
[EventDate "2015.07.10"]
[EventType "swiss"]
[EventRounds "6"]
[EventCountry "BRA"]
[SourceTitle "EXT 2016"]
[Source "ChessBase"]
[SourceDate "2015.10.08"]
[SourceVersion "1"]
[SourceVersionDate "2015.10.08"]
[SourceQuality "1"]

1. Nf3 Nf6 2. g3 b6 3. Bg2 Bb7 4. 0-0 c5 5. d3 g6 6. c3 Bg7 7. e4 d6 8. Nbd2 0-0 9. Re1 Nbd7 10. Qc2 b5 11. Qb3 Rb8 12. a4 Bc6 13. axb5 Bxb5 14. Qc2 Qc7 15. d4 Ne8 16. Qb1 Qb6 17. Qa2 cxd4 18. Qxa7 dxc3 19. Qxb6 Nxb6 20. bxc3 Na4 21. Nd4 Nxc3 22. Nxb5 Nxb5 23. Rb1 Bc3 24. Re3 Nec7 25. Nf3 Ra8 26. Bb2 Bxb2 27. Rxb2 Ra1+ 28. Re1 Rfa8 29. Rxa1 Rxa1+ 30. Bf1 Rc1 31. Kg2 Rc5 32. Nd2 Nd4 33. Rb7 Kf8 34. Nf3 Nxf3 35. Kxf3 Rc3+ 36. Kg2 Ke8 37. Kg1 Kd8 38. Bh3 e6 39. Rb8+ Ke7 40. Rb7 h5 41. Kf1 Rc2 42. Ke1 Kd7 43. Bf1 Rc1+ 44. Ke2 d5 45. exd5 exd5 46. Bh3+ Kd6 47. Rb6+ Rc6 48. Rb4 g5 49. Bf5 Rc4 50. Rb6+ Rc6 51. Rb4 Ke5 52. Bd3 Ne6 53. Rb7 Rc7 54. Rb8 Ra7 55. Rh8 h4 56. gxh4 Nf4+ 57. Kd2 Ra2+ 58. Kc3 Ra3+ 59. Kc2 Rxd3 60. h5 Rh3 61. h6 Ng6 62. Re8+ Kf6 63. Rd8 Rxh2 64. Rxd5 Rxf2+ 65. Rd2 Rxd2+ 66. Kxd2 Nf8 67. Ke3 Kg6 0-1

[Event "Parana-ch"]
[Site "Curitiba"]
[Date "2015.01.31"]
[Round "6"]
[White "Cenedese, Jose Henrique de Ol"]
[Black "Santos, Rogerio de Souza"]
[Result "0-1"]
[WhiteElo "1757"]
[BlackElo "1672"]
[PlyCount "55"]
[EventDate "2015.01.28"]
[EventType "swiss"]
[EventRounds "8"]
[EventCountry "BRA"]
[SourceTitle "CBM 164 Extra"]
[Source "ChessBase"]
[SourceDate "2015.03.02"]
[SourceVersion "1"]
[SourceVersionDate "2015.03.02"]
[SourceQuality "1"]

1. d4 d5 2. Nf3 Nf6 3. c4 e6 4. Bg5 Be7 5. Nc3 0-0 6. e4 Nxe4 7. Bxe7 Qxe7 8. Nxe4 dxe4 9. Nd2 f5 10. Qc2 Nc6 11. Qc3 Rd8 12. Nb3 a5 13. a4 Nb4 14. Be2 b6 15. 0-0 f4 16. f3 e3 17. Nc1 Qf6 18. Rd1 Bb7 19. Nd3 Rxd4 20. Nxb4 Rxd1+ 21. Rxd1 axb4 22. Qxf6 gxf6 23. b3 Bc6 24. Rd3 Kf7 25. Bd1 Rg8 26. Bc2 Bxf3 27. Rd7+ Ke8 28. Rxc7 0-1

[Event "Parana-ch"]
[Site "Curitiba"]
[Date "2015.01.30"]
[Round "4"]
[White "Cenedese, Jose Henrique de Ol"]
[Black "Crul, Otavio Augusto Barr"]
[Result "0-1"]
[WhiteElo "1757"]
[BlackElo "1652"]
[PlyCount "103"]
[EventDate "2015.01.28"]
[EventType "swiss"]
[EventRounds "8"]
[EventCountry "BRA"]
[SourceTitle "CBM 164 Extra"]
[Source "ChessBase"]
[SourceDate "2015.03.02"]
[SourceVersion "1"]
[SourceVersionDate "2015.03.02"]
[SourceQuality "1"]

1. e4 e6 2. d4 d5 3. Nc3 Nf6 4. e5 Nfd7 5. Nf3 c5 6. Nb5 Nc6 7. c3 Qb6 8. a4 a5 9. Bd3 Na7 10. 0-0 c4 11. Bc2 Nxb5 12. axb5 Qxb5 13. Qe2 Qc6 14. Bf4 b5 15. Rfb1 a4 16. Bd2 Bb7 17. Re1 Ba6 18. Qd1 Bb7 19. h3 Be7 20. Kh1 h6 21. Qe2 Qb6 22. Reb1 Bc6 23. Qe1 Nb8 24. Kg1 Bd7 25. Rd1 Nc6 26. g4 Na5 27. Kg2 Nb3 28. Bxb3 cxb3 29. Ng1 Qd8 30. Ne2 Bc6 31. Nc1 h5 32. f3 hxg4 33. hxg4 Qc8 34. Nd3 Kd7 35. Qg3 Qg8 36. Rh1 g5 37. Rh5 Qg6 38. Nc5+ Bxc5 39. dxc5 Rxh5 40. gxh5 Qxh5 41. Kf2 Rh8 42. Qxg5 Qxg5 43. Bxg5 Rh2+ 44. Ke3 Rxb2 45. Kd3 Ra2 46. Rh1 b2 47. Kc2 Ra1 48. Kxb2 Rxh1 49. Be3 d4 50. Bxd4 Bxf3 51. Ka3 Be2 52. Kb4 0-1

[Event "Parana-ch"]
[Site "Curitiba"]
[Date "2015.01.29"]
[Round "2"]
[White "Cenedese, Jose Henrique de Ol"]
[Black "Colaco, Willian Wagner Soar"]
[Result "1-0"]
[WhiteElo "1757"]
[BlackElo "1597"]
[PlyCount "67"]
[EventDate "2015.01.28"]
[EventType "swiss"]
[EventRounds "8"]
[EventCountry "BRA"]
[SourceTitle "CBM 164 Extra"]
[Source "ChessBase"]
[SourceDate "2015.03.02"]
[SourceVersion "1"]
[SourceVersionDate "2015.03.02"]
[SourceQuality "1"]

1. e4 e5 2. Nf3 Nc6 3. Bb5 d6 4. 0-0 Bg4 5. d3 Be7 6. Be3 a6 7. Ba4 Nf6 8. Nbd2 0-0 9. c3 Nh5 10. Qc2 f5 11. h3 Bxf3 12. Nxf3 f4 13. Bd2 Kh8 14. d4 Na5 15. dxe5 dxe5 16. Nxe5 Bc5 17. b4 Ng3 18. bxa5 Nxf1 19. Rxf1 c6 20. Qb3 Qxd2 21. Nf7+ Rxf7 22. Qxf7 Rd8 23. Qxb7 Qxc3 24. Qxc6 Qxa5 25. Kh2 Qb6 26. Rd1 h6 27. Rxd8+ Qxd8 28. Qxc5 Qb8 29. e5 Kh7 30. Qc2+ Kh8 31. Qe4 g5 32. f3 Qb2 33. Bc2 Qc1 34. Qh7# 1-0

[Event "Parana-ch"]
[Site "Curitiba"]
[Date "2015.01.28"]
[Round "1"]
[White "Okawati, Gabriel Akira Andra"]
[Black "Cenedese, Jose Henrique de Ol"]
[Result "1-0"]
[WhiteElo "1920"]
[BlackElo "1757"]
[PlyCount "92"]
[EventDate "2015.01.28"]
[EventType "swiss"]
[EventRounds "8"]
[EventCountry "BRA"]
[SourceTitle "CBM 164 Extra"]
[Source "ChessBase"]
[SourceDate "2015.03.02"]
[SourceVersion "1"]
[SourceVersionDate "2015.03.02"]
[SourceQuality "1"]

1. e4 c5 2. Nf3 d6 3. d4 cxd4 4. Nxd4 Nf6 5. Nc3 g6 6. f4 e6 7. Be2 Bg7 8. Be3 a6 9. 0-0 0-0 10. Bf3 Nbd7 11. Qe1 e5 12. Nb3 Re8 13. Rd1 Qe7 14. Qd2 Bf8 15. f5 b6 16. g4 Bb7 17. g5 Nh5 18. Bxh5 gxh5 19. Qe2 Nc5 20. Nxc5 bxc5 21. Qxh5 Qd7 22. f6 Bc8 23. Nd5 Ra7 24. Rd2 Qh3 25. Qe2 Bg4 26. Qf2 Kh8 27. Ne7 Bxe7 28. fxe7 Raxe7 29. Rxd6 Kg7 30. Rh6 Qf3 31. Qxf3 Bxf3 32. Rxf3 c4 33. Rxa6 Rb7 34. b3 cxb3 35. axb3 Rc8 36. Rf2 Rc3 37. Ra7 Rxa7 38. Bxa7 Rh3 39. Bb8 Kg6 40. Bxe5 Rh4 41. Bf4 Rh3 42. Bg3 Rh5 43. h4 h6 44. Rf6+ Kg7 45. Rxh6 Rxh6 46. gxh6+ Kxh6 1-0